Principles of engineering economy

Đã lưu trong:
Chi tiết về thư mục
Những tác giả chính: Granat, Eugene L (Tác giả), Ireson, William Grant (Tác giả)
Định dạng: Sách
Ngôn ngữ:Tiếng Anh
Được phát hành: Nueva York The Ronald 1964
Phiên bản:4a. ed
Những chủ đề:
Các nhãn: Thêm thẻ
Không có thẻ, Là người đầu tiên thẻ bản ghi này!

MARC

LEADER 00000nam a2200000 a 4500
001 UCU2648
003 CL-VaPUC
008 960426e19640000US |||||||||||||||||eng|d
082 0 4 |a 330.01  |b GRA  |2 21 
100 0 |a Granat, Eugene L  |e author  |9 358976 
700 |a Ireson, William Grant  |e author  |9 419194 
245 1 0 |a Principles of engineering economy 
250 |a 4a. ed 
300 |a 574 p 
942 |c BK 
945 |d 19960426 00:00:00  |a paguirre 
260 |a Nueva York  |b The Ronald  |c 1964 
650 0 |a Economía   |9 255568 
650 0 |a Ingeniería   |9 259380 
650 0 |a Teorías económicas  |9 270968 
650 0 |a Análisis económico  |9 259939 
583 |a last modification  |c 19960426 00:00:00  |k Rodrigo Vera 
999 |c 246889  |d 246887